| 000 | 00388nam a22001337a 4500 | ||
|---|---|---|---|
| 020 | _a81-87671-30-0 | ||
| 082 |
_a823 _bCAN/C |
||
| 100 | _aJACK CANFIELD, MARK VICTOR HANSEN, JENNIFER READ HAWTHORNE, MARI SHIMOFF | ||
| 245 | _aCHICKEN SOUP FOR THE MOTHERS SOUL | ||
| 260 |
_aINDIA _bWESTLAND LTD _c1997 |
||
| 300 | _a354 | ||
| 650 |
_aREKINDLE THE HEARTS OF MOTHERS _zUNITED STATES |
||
| 942 | _cBK | ||
| 999 |
_c27 _d27 |
||